Miasta Polski, których nazwy zaczynają i kończą się tą samą literą - Statystyki

Ogólne statystyki
  • Ten quiz został rozwiązany 201 razy
    167 od ostatniego zresetowania
  • Średni wynik to 11 z 29
Statystyki odpowiedzi
Województwo Litera Miasto % Poprawnych
dolnośląskie W Wrocław
69%
małopolskie A Alwernia
65%
łódzkie O Opoczno
64%
łódzkie Z Zgierz
58%
mazowieckie W Wyszków
54%
warmińsko-mazurskie O Olecko
52%
lubelskie K Kraśnik
50%
opolskie O Olesno
50%
lubelskie K Kock
49%
opolskie K Kluczbork
47%
śląskie J Jastrzębie-Zdrój
46%
mazowieckie W Węgrów
46%
dolnośląskie W Wołów
46%
śląskie K Kłobuck
41%
łódzkie W Wieruszów
41%
podlaskie W Wasilków
38%
podkarpackie Z Zagórz
34%
podlaskie C Ciechanowiec
33%
dolnośląskie J Jedlina-Zdrój
32%
opolskie N Niemodlin
32%
wielkopolskie K Kórnik
29%
świętokrzyskie W Wodzisław
29%
małopolskie C Czarny Dunajec
23%
wielkopolskie O Obrzycko
23%
świętokrzyskie N Nowy Korczyn
21%
dolnośląskie W Wiązów
21%
łódzkie K Kamieńsk
20%
dolnośląskie W Wojcieszów
19%
wielkopolskie K Koźminek
16%
Nie znaleziono quizów pasujących do podanych kryteriów
Rozkład punktacji
Procent ludzi z każdym wynikiem
Percentyl według liczby udzielonych odpowiedzi
Twoja historia wyników
Nie rozwiązałeś tego quizu od ostatniego zresetowania